[Event "5ème open de Provence (A)"]
[Site "Salon de Provence"]
[Date "2014.07.05"]
[Round "1.14"]
[White "Bregier, Gerard"]
[Black "Benavides, Jeremy"]
[Result "0-1"]
[WhiteElo "1480"]
[BlackElo "1835"]
[PlyCount "44"]
[EventDate "2014.??.??"]

1. d4 Nf6 2. c4 g6 3. Nf3 Bg7 4. g3 O-O 5. Bg2 d6 6. O-O Nbd7 7. Nc3 e5 8. Bg5
h6 9. Bd2 exd4 10. Nxd4 Nb6 11. b3 Nfd7 12. Nf3 Nc5 13. Rc1 a5 14. a4 Re8 15.
Be3 Bf5 16. Nh4 Ne4 17. Nd5 Nxd5 18. Nxf5 Ndc3 19. Rxc3 Nxc3 20. Nxh6+ Bxh6 21.
Qd2 Bxe3 22. fxe3 Qg5 0-1

[Event "5ème open de Provence (A)"]
[Site "Salon de Provence"]
[Date "2014.07.05"]
[Round "1.15"]
[White "Vincken Vasquez, Dimaryk"]
[Black "Massardo, Quentin"]
[Result "0-1"]
[WhiteElo "1626"]
[BlackElo "1829"]
[PlyCount "94"]
[EventDate "2014.??.??"]

1. e4 Nf6 2. e5 Nd5 3. d4 d6 4. c4 Nb6 5. exd6 cxd6 6. Nc3 g6 7. Be3 Bg7 8. Rc1
O-O 9. Be2 Bf5 10. Nf3 N8d7 11. O-O Rc8 12. b3 e5 13. d5 Nf6 14. h3 a5 15. Qd2
Nbd7 16. Qb2 Ne4 17. Nb5 Ndc5 18. Ne1 Qh4 19. Nd3 Ng5 20. Nxc5 dxc5 21. Qd2 Ne4
22. Qe1 Bd7 23. Bg4 f5 24. g3 Qd8 25. Bf3 Bxb5 26. Bxe4 Bd7 27. Bg2 f4 28. Bd2
f3 29. Bxa5 b6 30. Bc3 fxg2 31. Kxg2 Qg5 32. Qe2 Rce8 33. Bd2 Qf6 34. Bc3 Qg5
35. Bd2 Qf5 36. g4 Qf7 37. Bc3 e4 38. Bxg7 Kxg7 39. Rc3 Re5 40. Re3 Qf4 41. Re1
h5 42. Rxe4 Rxe4 43. Qxe4 Qxf2+ 44. Kh1 hxg4 45. Qe5+ Kg8 46. Rg1 Rf3 47. Qb8+
Kf7 0-1

[Event "5ème open de Provence (A)"]
[Site "Salon de Provence"]
[Date "2014.07.05"]
[Round "1.5"]
[White "Joubert, Leo"]
[Black "Dudognon, Thibault"]
[Result "0-1"]
[WhiteElo "1775"]
[BlackElo "2066"]
[PlyCount "72"]
[EventDate "2014.??.??"]

1. c4 c6 2. g3 d5 3. Nf3 Nf6 4. Bg2 dxc4 5. Na3 b5 6. b3 c3 7. dxc3 Qxd1+ 8.
Kxd1 Ne4 9. Ke1 Bb7 10. Nd4 Nd6 11. Bf4 e6 12. c4 c5 13. Bxb7 Nxb7 14. Nf3 b4
15. Nc2 Nc6 16. Kf1 g6 17. Rb1 a6 18. a4 Bg7 19. Kg2 e5 20. Be3 Nd4 21. Bxd4
cxd4 22. Rhd1 Nc5 23. Nce1 Rd8 24. Nd2 e4 25. f3 f5 26. Nf1 Ke7 27. h3 Rd7 28.
g4 Ne6 29. Ng3 Nf4+ 30. Kh2 Be5 31. Rd2 h5 32. gxf5 e3 33. Rc2 h4 34. f6+ Kf7
35. Ne4 Nxe2+ 36. Kg2 Nf4+ 0-1

[Event "5ème open de Provence (A)"]
[Site "Salon de Provence"]
[Date "2014.07.05"]
[Round "1.1"]
[White "Legrand, Vincent"]
[Black "Guidarelli, Laurent"]
[Result "0-1"]
[WhiteElo "1833"]
[BlackElo "2498"]
[PlyCount "82"]
[EventDate "2014.??.??"]

1. e4 e6 2. d4 d5 3. e5 c5 4. Nf3 b6 5. Bb5+ Bd7 6. Bd3 Nc6 7. O-O c4 8. Be2 f6
9. exf6 Nxf6 10. Bf4 Be7 11. b3 b5 12. Ne5 O-O 13. Nxc6 Bxc6 14. Nd2 Bb4 15.
Be5 Be8 16. bxc4 bxc4 17. Rb1 Qa5 18. Nf3 Ne4 19. a3 Bxa3 20. Rb7 Rf7 21. Rxf7
Bxf7 22. Qe1 Qxe1 23. Rxe1 Bb2 24. Bxc4 dxc4 25. Rxe4 a5 26. Re1 a4 27. d5 Bxe5
28. Nxe5 exd5 29. Kf1 Bg6 30. Nxg6 hxg6 31. Ra1 d4 32. Ke2 a3 33. Ra2 Kf7 34.
Kf3 Ra4 35. Ke4 c3 36. f4 Ke6 37. g3 Kd6 38. h3 Kc5 39. Kd3 Kd5 40. h4 Ra8 41.
g4 Re8 0-1

[Event "5ème open de Provence (A)"]
[Site "Salon de Provence"]
[Date "2014.07.05"]
[Round "1.4"]
[White "Chauvet, Vincent"]
[Black "Boyer, Jean-Francois"]
[Result "1-0"]
[WhiteElo "2134"]
[BlackElo "1780"]
[PlyCount "83"]
[EventDate "2014.??.??"]

1. d4 Nf6 2. c4 c6 3. Nc3 g6 4. e4 Bg7 5. e5 Ng8 6. Bf4 d5 7. Nf3 a6 8. Be2 h6
9. O-O Be6 10. Qb3 b5 11. cxd5 Bxd5 12. Nxd5 Qxd5 13. Qe3 e6 14. Nd2 Ne7 15.
Bf3 Qd8 16. Ne4 Nf5 17. Qa3 Qe7 18. Nd6+ Nxd6 19. exd6 Qd7 20. Qe3 Qa7 21. Rfd1
Qd7 22. Rac1 g5 23. Be5 f6 24. Bh5+ Kf8 25. Qf3 f5 26. h3 Ra7 27. Qc3 a5 28. a3
Bxe5 29. dxe5 Ra6 30. Qd4 Rh7 31. Be2 a4 32. Rc3 Ra7 33. Rdc1 Rb7 34. Bf3 Qe8
35. Bxc6 Nxc6 36. Rxc6 Rhd7 37. Rc8 Rd8 38. R8c7 Rd7 39. Rxb7 Rxb7 40. Rc7 Rb8
41. Qc5 Rd8 42. Qa7 1-0

[Event "5ème open de Provence (A)"]
[Site "Salon de Provence"]
[Date "2014.07.05"]
[Round "1.13"]
[White "Danielian, Kevin"]
[Black "Amoros, Jean"]
[Result "1-0"]
[WhiteElo "1839"]
[BlackElo "1499"]
[PlyCount "81"]
[EventDate "2014.??.??"]

1. d4 Nf6 2. c4 e6 3. Nc3 c5 4. d5 exd5 5. cxd5 d6 6. e4 Be7 7. f4 O-O 8. Be2
a6 9. a4 Ne8 10. Nf3 Bh4+ 11. g3 Be7 12. O-O h6 13. e5 Bh3 14. Re1 Nd7 15. Bd3
Qb6 16. a5 Qc7 17. Qe2 Bg4 18. Kg2 Rc8 19. b3 b5 20. h3 Bh5 21. g4 Bg6 22. f5
Bh7 23. f6 Bxd3 24. Qxd3 Nexf6 25. exf6 Bxf6 26. Ra2 Qb7 27. Ne4 Be5 28. Nxe5
Nxe5 29. Qd1 Qb8 30. Ng3 Rfe8 31. Nf5 c4 32. bxc4 Rxc4 33. Bb2 f6 34. Bxe5 dxe5
35. Ree2 Kh7 36. Rac2 Ra4 37. d6 Rxa5 38. Rc7 Qd8 39. Rxg7+ Kh8 40. Qd2 Qa8+
41. Kh2 1-0

[Event "5ème open de Provence (A)"]
[Site "Salon de Provence"]
[Date "2014.07.05"]
[Round "1.12"]
[White "Catot, Olivier"]
[Black "Faure, Alexandre"]
[Result "0-1"]
[WhiteElo "1588"]
[BlackElo "1875"]
[PlyCount "60"]
[EventDate "2014.??.??"]

1. d4 Nf6 2. Nf3 d5 3. e3 Bf5 4. Nbd2 Nbd7 5. b3 e6 6. Bb2 Bd6 7. Be2 h6 8. Ne5
O-O 9. O-O c6 10. f4 Ne4 11. Nxe4 Bxe4 12. Bg4 Qe7 13. Qe2 Nf6 14. Bh3 Bh7 15.
c4 Ne4 16. cxd5 exd5 17. Qg4 Rfe8 18. Rae1 Bb4 19. Ra1 f6 20. Ng6 Qf7 21. f5
Nd6 22. Qg3 Ne4 23. Qg4 Ng5 24. Bc1 Bxg6 25. fxg6 Qxg6 26. Rf5 Re4 27. Qg3
Nxh3+ 28. Qxh3 Bc3 29. Rf1 Rg4 30. Qf3 Rxg2+ 0-1

[Event "5ème open de Provence (A)"]
[Site "Salon de Provence"]
[Date "2014.07.05"]
[Round "1.11"]
[White "Nguyen, Patrick"]
[Black "Rayne, Remy"]
[Result "0-1"]
[WhiteElo "1667"]
[BlackElo "1936"]
[PlyCount "42"]
[EventDate "2014.??.??"]

1. e4 c6 2. d4 d5 3. f3 e5 4. dxe5 Bc5 5. Bd3 Qb6 6. Ne2 Bf2+ 7. Kf1 Bh4 8. Ng3
Ne7 9. Qe2 O-O 10. c3 Nd7 11. Be3 Qc7 12. f4 Nb6 13. Qh5 Ng6 14. Nf5 dxe4 15.
Bxe4 Bxf5 16. Bxf5 Nc4 17. Bc5 Be7 18. Bxe7 Qxe7 19. Qe2 Qc5 20. b4 Qe3 21.
Bxg6 Qxf4+ 0-1

[Event "5ème open de Provence (A)"]
[Site "Salon de Provence"]
[Date "2014.07.05"]
[Round "1.10"]
[White "Vincensini, Emmanuel"]
[Black "Fournier, Alain"]
[Result "1-0"]
[WhiteElo "1960"]
[BlackElo "1697"]
[PlyCount "71"]
[EventDate "2014.??.??"]

1. c4 c6 2. d4 Na6 3. Nf3 Nf6 4. Nc3 d5 5. cxd5 cxd5 6. Bf4 Nc7 7. Rc1 Ne6 8.
Be5 Ng4 9. e3 a6 10. Qb3 Nxe5 11. Nxe5 Nc7 12. Be2 e6 13. Na4 b5 14. Nc5 Bxc5
15. Rxc5 Bd7 16. Qc2 Rc8 17. Bd3 Na8 18. O-O Rxc5 19. dxc5 Qc7 20. f4 Ke7 21.
b4 f6 22. Nf3 h5 23. e4 Bc6 24. e5 h4 25. Ng5 Be8 26. exf6+ gxf6 27. Qe2 Bf7
28. Nxe6 Bxe6 29. Bf5 Qc6 30. Re1 Nc7 31. Qg4 Kf7 32. Qg6+ Kf8 33. Qxf6+ Kg8
34. Bxe6+ Nxe6 35. Rxe6 Qd7 36. Re7 1-0

[Event "5ème open de Provence (A)"]
[Site "Salon de Provence"]
[Date "2014.07.05"]
[Round "1.9"]
[White "Morris, Keith"]
[Black "Busson, Benoist"]
[Result "0-1"]
[WhiteElo "1709"]
[BlackElo "1977"]
[PlyCount "68"]
[EventDate "2014.??.??"]

1. c4 e5 2. Nc3 Nc6 3. e3 g6 4. d4 Bg7 5. d5 Nce7 6. Nf3 Nf6 7. Nxe5 Nfxd5 8.
cxd5 Bxe5 9. Be2 O-O 10. O-O f5 11. Bc4 d6 12. f4 Bg7 13. Bd2 a6 14. a4 Kh8 15.
Qc2 Ng8 16. Ne2 Re8 17. Rf3 Nf6 18. Bc3 Ng4 19. Bxg7+ Kxg7 20. Qc3+ Qf6 21.
Qxf6+ Kxf6 22. Ra3 Kf7 23. h3 Nf6 24. Nd4 Ne4 25. Ba2 Bd7 26. Ne6 Bxe6 27.
dxe6+ Kf6 28. g4 c6 29. gxf5 gxf5 30. b4 Rg8+ 31. Kh2 Rg7 32. h4 d5 33. b5 axb5
34. a5 b4 0-1

[Event "5ème open de Provence (A)"]
[Site "Salon de Provence"]
[Date "2014.07.05"]
[Round "1.6"]
[White "Kolb, Sebastien"]
[Black "Colandrea, Sauveur"]
[Result "1-0"]
[WhiteElo "2057"]
[BlackElo "1764"]
[PlyCount "32"]
[EventDate "2014.??.??"]

1. e4 c5 2. Nf3 g6 3. d4 cxd4 4. Qxd4 Nf6 5. e5 Nc6 6. Qd3 Nxe5 7. Nxe5 Qa5+ 8.
Qc3 Qd5 9. f3 d6 10. Nc4 Bg7 11. Ne3 Qe6 12. Bb5+ Kf8 13. Qb3 d5 14. O-O Bh6
15. Kh1 Kg7 16. Ng4 Nxg4 1-0

[Event "5ème open de Provence (A)"]
[Site "Salon de Provence"]
[Date "2014.07.05"]
[Round "1.2"]
[White "Milchev, Nikolay"]
[Black "Lazov, Stefan"]
[Result "1-0"]
[WhiteElo "2422"]
[BlackElo "1894"]
[PlyCount "48"]
[EventDate "2014.??.??"]

1. c4 c6 2. d4 d5 3. Nf3 Nf6 4. Qb3 dxc4 5. Qxc4 Bf5 6. g3 e6 7. Bg2 Nbd7 8.
O-O h6 9. Nc3 Be7 10. e3 O-O 11. Qe2 Re8 12. e4 Bh7 13. Rd1 Qc7 14. b3 Qa5 15.
Bb2 Rad8 16. a3 Qb6 17. b4 a5 18. bxa5 Qxa5 19. Nd2 Nb6 20. Nb3 Qa7 21. a4 Na8
22. a5 Nc7 23. h3 Qa6 24. Qe3 Qa7 1-0

[Event "5ème open de Provence (A)"]
[Site "Salon de Provence"]
[Date "2014.07.05"]
[Round "1.7"]
[White "Nicolas, Gabrielle"]
[Black "Brongers, Henk"]
[Result "1-0"]
[WhiteElo "1759"]
[BlackElo "2027"]
[PlyCount "103"]
[EventDate "2014.??.??"]

1. d4 Nf6 2. c4 g6 3. Nc3 Bg7 4. Nf3 O-O 5. e3 d5 6. Be2 c5 7. O-O cxd4 8. exd4
Nc6 9. Ne5 dxc4 10. Nxc6 bxc6 11. Bxc4 Qd6 12. h3 Rd8 13. Be3 Rb8 14. Qd2 Qb4
15. b3 e5 16. a3 Qe7 17. Qe2 Nd5 18. Bxd5 cxd5 19. b4 Rb7 20. Rad1 Rc7 21. Qd2
e4 22. Rc1 a5 23. Bf4 Rb7 24. Nxd5 Qd7 25. Rc5 axb4 26. axb4 Qe6 27. Rfc1 Bf8
28. Nc7 e3 29. fxe3 Qb6 30. Rb5 Qa7 31. Rxb7 Qxb7 32. b5 Bd6 33. Bxd6 Rxd6 34.
Qb4 Rf6 35. d5 Qa7 36. Qc5 Qa2 37. Qc2 Qa7 38. Qc3 Rf5 39. Ra1 Qb7 40. Qc6 Kg7
41. Qxb7 Bxb7 42. Ne8+ Kh6 43. e4 Re5 44. Nd6 Bxd5 45. exd5 Rxd5 46. Nxf7+ Kg7
47. Ra7 Kf6 48. b6 Rb5 49. b7 Ke6 50. Nd8+ Kd6 51. Ra8 Kc7 52. Rc8+ 1-0

[Event "5ème open de Provence (A)"]
[Site "Salon de Provence"]
[Date "2014.??.??"]
[Round "2.1"]
[White "Guidarelli, Laurent"]
[Black "Danielian, Kevin"]
[Result "1-0"]
[WhiteElo "2498"]
[BlackElo "1848"]
[PlyCount "63"]
[EventDate "2014.??.??"]

1. d4 {[%emt 0:00:00]} d5 2. c4 e6 3. Nc3 c6 4. e3 Nf6 5. Nf3 Nbd7 6. Qc2 Be7
7. b3 O-O 8. Bd3 b6 9. O-O Bb7 10. Rd1 Rc8 11. Bb2 Qc7 12. Rac1 Qb8 13. h3 Rfd8
14. Qe2 Qa8 15. Bb1 c5 16. cxd5 Nxd5 17. Nxd5 Bxd5 18. dxc5 Nxc5 19. Nd2 Nd7
20. Rxc8 Qxc8 21. Rc1 Qb8 22. Ne4 Ne5 23. Qc2 Ng6 24. Qc3 Bf8 25. Nf6+ gxf6 26.
Qxf6 Rd7 27. Bxg6 fxg6 28. Qh8+ Kf7 29. Be5 Bd6 30. Qxh7+ Ke8 31. Qg8+ Ke7 32.
Rc8 1-0

[Event "5ème open de Provence (A)"]
[Site "Salon de Provence"]
[Date "2014.??.??"]
[Round "2.2"]
[White "Rayne, Remy"]
[Black "Milchev, Nikolay"]
[Result "0-1"]
[WhiteElo "1936"]
[BlackElo "2424"]
[PlyCount "34"]
[EventDate "2014.??.??"]

1. d4 {[%emt 0:00:00]} Nf6 {[%emt 0:00:00]} 2. c4 g6 3. Nf3 Bg7 4. g3 O-O 5.
Bg2 d6 6. O-O Nc6 7. Nc3 a6 8. a3 Bg4 9. Qd3 e5 10. d5 Bxf3 11. exf3 Nd4 12.
Ne4 Nd7 13. f4 f5 14. Nc3 c5 15. Re1 exf4 16. Bxf4 Qc7 17. Qe3 Rac8 0-1

[Event "5ème open de Provence (A)"]
[Site "Salon de Provence"]
[Date "2014.??.??"]
[Round "2.3"]
[White "Faure, Alexandre"]
[Black "Chauvet, Vincent"]
[Result "0-1"]
[WhiteElo "1875"]
[BlackElo "2134"]
[PlyCount "72"]
[EventDate "2014.??.??"]

1. e4 {[%emt 0:00:00]} e5 2. Nf3 Nc6 3. d4 exd4 4. Nxd4 Bb4+ 5. Nc3 Nf6 6. Nxc6
bxc6 7. Bd3 d5 8. exd5 cxd5 9. O-O O-O 10. Bg5 c6 11. Qf3 Bd6 12. Bxf6 Qxf6 13.
Qxf6 gxf6 14. Ne2 Rb8 15. Rab1 Re8 16. Ng3 Rb4 17. Nh5 Re5 18. Nxf6+ Kg7 19. f4
Re3 20. Nh5+ Kh6 21. Ng3 Rxf4 22. Ne2 Rxf1+ 23. Rxf1 Kg7 24. Kh1 c5 25. Nc3 Be6
26. Rd1 f5 27. Bf1 Be5 28. Na4 Bd6 29. Nc3 d4 30. Nb5 Bb8 31. Na3 Bd5 32. Nc4
Rh3 33. Kg1 Bxh2+ 34. Kf2 Bg3+ 35. Kg1 Rh4 36. Rd3 Bh2+ 0-1

[Event "5ème open de Provence (A)"]
[Site "Salon de Provence"]
[Date "2014.??.??"]
[Round "2.4"]
[White "Dudognon, Thibault"]
[Black "Valcrose, Thomas"]
[Result "1-0"]
[WhiteElo "2066"]
[BlackElo "1787"]
[PlyCount "30"]
[EventDate "2014.??.??"]

1. e4 Nf6 2. e5 Nd5 3. d4 d6 4. Nf3 Nc6 5. exd6 cxd6 6. c4 Nb6 7. Be2 g6 8. d5
Na5 9. Bd2 Bg7 10. Bxa5 Bxb2 11. Bc3 Bxa1 12. Bxa1 f6 13. h4 Bd7 14. h5 Rg8 15.
hxg6 hxg6 1-0

[Event "5ème open de Provence (A)"]
[Site "Salon de Provence"]
[Date "2014.??.??"]
[Round "2.5"]
[White "Benavides, Jeremy"]
[Black "Kolb, Sebastien"]
[Result "0-1"]
[WhiteElo "1835"]
[BlackElo "2057"]
[PlyCount "57"]
[EventDate "2014.??.??"]

1. e4 c5 2. d4 cxd4 3. c3 Nf6 4. e5 Nd5 5. cxd4 d6 6. Nf3 Nc6 7. Qb3 e6 8. Bb5
Bd7 9. O-O Qb6 10. Nc3 Nxc3 11. bxc3 Nxe5 12. dxe5 Qxb5 13. Qc2 Qa4 14. Qb2 b6
15. exd6 Bxd6 16. Qd2 Bc5 17. Ne5 Bc6 18. Nxc6 Qxc6 19. Rd1 O-O 20. Bb2 Qe4 21.
Qg5 f6 22. Qg3 Rad8 23. Re1 Qf5 24. Re2 e5 25. c4 Rd3 26. Qh4 Rfd8 27. Rae1 Rd1
28. Bc1 Qc2 29. Kf1 0-1

[Event "5ème open de Provence (A)"]
[Site "Salon de Provence"]
[Date "2014.??.??"]
[Round "2.6"]
[White "Busson, Benoist"]
[Black "Nicolas, Gabrielle"]
[Result "1-0"]
[WhiteElo "1977"]
[BlackElo "1732"]
[PlyCount "107"]
[EventDate "2014.??.??"]

1. e4 e6 2. Nf3 d5 3. e5 c5 4. b4 cxb4 5. d4 Ne7 6. a3 Nec6 7. axb4 Bxb4+ 8. c3
Be7 9. Bd3 Nd7 10. O-O O-O 11. Nfd2 f5 12. Qh5 Qe8 13. Qh3 Qg6 14. Be2 Ndxe5
15. dxe5 Nxe5 16. Ba3 Bxa3 17. Rxa3 Bd7 18. f4 Nc6 19. Nf3 a5 20. Ne5 Nxe5 21.
fxe5 b5 22. Qh5 Qxh5 23. Bxh5 Rfc8 24. Nd2 Rc7 25. Be2 Rb8 26. Rxa5 Rxc3 27.
Ra2 Re3 28. Nf3 b4 29. Kf2 Rc3 30. Rb1 Kf7 31. Bd1 Rc7 32. Rab2 Rcb7 33. Nd4 g5
34. Bb3 Ke7 35. Rc1 Ra8 36. Nxf5+ Kf8 37. Nd6 Rba7 38. Rcc2 Be8 39. Nxe8 Rxe8
40. Rc6 Rf7+ 41. Ke3 Kg7 42. Rf2 d4+ 43. Ke2 d3+ 44. Ke3 Rxf2 45. Kxf2 Rf8+ 46.
Ke3 d2 47. Rd6 Rf5 48. Rxe6 d1=Q 49. Bxd1 Rf4 50. Rb6 Rc4 51. Rb7+ Kf8 52. e6
Rc6 53. e7+ Kf7 54. Bh5+ 1-0

[Event "5ème open de Provence (A)"]
[Site "Salon de Provence"]
[Date "2014.??.??"]
[Round "2.7"]
[White "Massardo, Quentin"]
[Black "Vincensini, Emmanuel"]
[Result "1-0"]
[WhiteElo "1829"]
[BlackElo "1960"]
[PlyCount "43"]
[EventDate "2014.??.??"]

1. d4 d5 2. c4 c6 3. Nf3 Nf6 4. g3 Bf5 5. Bg2 e6 6. Nc3 Bd6 7. O-O h6 8. Nd2
Bb4 9. Re1 O-O 10. Qb3 Qe7 11. a3 Ba5 12. cxd5 cxd5 13. Qb5 Nc6 14. Nb3 Bb6 15.
e4 dxe4 16. Nxe4 Nxd4 17. Nxd4 Bxd4 18. Bd2 Rfd8 19. Ba5 Re8 20. Rad1 e5 21.
Nxf6+ Qxf6 22. Rxd4 1-0

[Event "5ème open de Provence (A)"]
[Site "Salon de Provence"]
[Date "2014.??.??"]
[Round "2.10"]
[White "Fournier, Alain"]
[Black "Merenciano, Alexandre"]
[Result "0-1"]
[WhiteElo "1697"]
[BlackElo "1984"]
[PlyCount "58"]
[EventDate "2014.??.??"]

1. d4 Nf6 2. Nf3 g6 3. Bf4 Bg7 4. e3 d6 5. c4 Nh5 6. Be2 Nxf4 7. exf4 c5 8. Nc3
cxd4 9. Nxd4 Qb6 10. Nb3 Be6 11. O-O Nd7 12. Nd5 Bxd5 13. cxd5 Bxb2 14. Rb1 Bg7
15. Bg4 Rd8 16. Re1 h5 17. Qe2 O-O 18. Nd2 Qd4 19. Bxh5 gxh5 20. Ne4 Qxd5 21.
Ng5 Nf6 22. Rbd1 Qa5 23. Rd3 Qb5 24. Qf3 e5 25. fxe5 dxe5 26. Rde3 Rfe8 27. Qg3
Qb4 28. Ne4 Nxe4 29. Rxe4 Qxe4 0-1

[Event "5ème open de Provence (A)"]
[Site "Salon de Provence"]
[Date "2014.??.??"]
[Round "2.11"]
[White "Metras, Dominique"]
[Black "Nguyen, Patrick"]
[Result "1-0"]
[WhiteElo "1965"]
[BlackElo "1667"]
[PlyCount "93"]
[EventDate "2014.??.??"]

1. d4 d5 2. Nf3 c6 3. c4 Nf6 4. Nc3 e6 5. Bg5 dxc4 6. a4 Bb4 7. Bxf6 Qxf6 8. e3
b5 9. Be2 Nd7 10. O-O Bxc3 11. bxc3 Bb7 12. Rb1 a6 13. Bxc4 O-O 14. Be2 Rfd8
15. c4 e5 16. cxb5 cxb5 17. axb5 axb5 18. Bxb5 exd4 19. Qxd4 Bxf3 20. Qxf6 Nxf6
21. gxf3 Rab8 22. Bc4 Kf8 23. Rxb8 Rxb8 24. Ra1 Ng8 25. Ra7 Nh6 26. Kg2 Re8 27.
e4 Re7 28. Ra8+ Re8 29. Ra7 Re7 30. Ra8+ Re8 31. Rxe8+ Kxe8 32. Kg3 Ke7 33. f4
f6 34. e5 fxe5 35. fxe5 Nf5+ 36. Kf4 Nd4 37. Ke4 Nc6 38. f4 Kf8 39. h4 g6 40.
Bd5 Ne7 41. Be6 Kg7 42. Bg4 h6 43. Kd4 Kf7 44. Kc5 g5 45. hxg5 hxg5 46. f5 Ng8
47. Kd6 1-0

[Event "5ème open de Provence (A)"]
[Site "Salon de Provence"]
[Date "2014.??.??"]
[Round "2.12"]
[White "Lazov, Stefan"]
[Black "Vincken Vasquez, Dimaryk"]
[Result "1-0"]
[WhiteElo "1894"]
[BlackElo "1626"]
[PlyCount "93"]
[EventDate "2014.??.??"]

1. e4 Nf6 2. Nc3 d5 3. exd5 Nxd5 4. Nge2 Nf6 5. d4 c6 6. g3 Bg4 7. Bg2 e6 8. h3
Bxe2 9. Nxe2 Be7 10. O-O O-O 11. c4 Nbd7 12. Bf4 Nb6 13. Qc2 Nfd7 14. a3 Bf6
15. Rad1 Qe7 16. c5 Nc8 17. Nc3 Bg5 18. Bxg5 Qxg5 19. Ne4 Qe7 20. b4 Nf6 21. a4
Nxe4 22. Bxe4 g6 23. b5 Qc7 24. bxc6 bxc6 25. Rb1 Ne7 26. Rb4 Rab8 27. Rfb1 Kg7
28. Qc3 Nd5 29. Bxd5 exd5 30. Qb3 Rxb4 31. Qxb4 f5 32. Qb7 Qxb7 33. Rxb7+ Rf7
34. Rb8 Rf8 35. Rb4 Kf6 36. a5 Re8 37. Rb7 Re7 38. a6 Ke6 39. Kg2 Rd7 40. h4 h6
41. Kh3 Ke7 42. g4 Kd8 43. Rb8+ Ke7 44. gxf5 gxf5 45. Kg3 Ke6 46. Rb7 Rf7 47.
Kf4 1-0

[Event "5ème open de Provence (A)"]
[Site "Salon de Provence"]
[Date "2014.??.??"]
[Round "2.13"]
[White "Amoros, Jean"]
[Black "Joubert, Leo"]
[Result "1-0"]
[WhiteElo "1499"]
[BlackElo "1790"]
[PlyCount "67"]
[EventDate "2014.??.??"]

1. e4 c5 2. d4 cxd4 3. c3 g6 4. Nf3 Bg7 5. cxd4 d5 6. Bb5+ Nd7 7. e5 Nh6 8. e6
fxe6 9. Ng5 Qb6 10. Qe2 Bxd4 11. O-O O-O 12. Nxe6 Rxf2 13. Rxf2 Bxf2+ 14. Qxf2
Qxe6 15. Bxh6 Nf6 16. Nc3 Bd7 17. Qd4 Qd6 18. Bxd7 Qxd7 19. Rd1 Rd8 20. Bg5 Qc6
21. Bxf6 exf6 22. Nxd5 Kf7 23. Qd3 Qc5+ 24. Kf1 Qa5 25. Qb3 Qa6+ 26. Kf2 Kg7
27. Qc3 Qe6 28. Ne3 Re8 29. Re1 Qb6 30. Kf1 Qa6+ 31. Kg1 Qb6 32. Kh1 Qd6 33. h3
Qe5 34. Nf5+ 1-0

[Event "5ème open de Provence (A)"]
[Site "Salon de Provence"]
[Date "2014.??.??"]
[Round "2.14"]
[White "Boyer, Jean-Francois"]
[Black "Catot, Olivier"]
[Result "0-1"]
[WhiteElo "1780"]
[BlackElo "1588"]
[PlyCount "48"]
[EventDate "2014.??.??"]

1. e4 Nf6 2. Nc3 d5 3. exd5 Nxd5 4. Qf3 Nxc3 5. Qxc3 Nc6 6. Bb5 Bd7 7. Nf3 a6
8. Bc4 e6 9. d4 Bb4 10. Bd2 Bxc3 11. Bxc3 O-O 12. O-O-O b5 13. Bb3 a5 14. d5
exd5 15. Bxd5 Qc8 16. Ne5 Ra6 17. Nxd7 Qxd7 18. Rd3 Nb4 19. Rg3 Rg6 20. Bxb4
axb4 21. Rd3 Qe7 22. Re3 Qc5 23. Rd1 Rd6 24. Re5 Qxf2 0-1

[Event "5ème open de Provence (A)"]
[Site "Salon de Provence"]
[Date "2014.??.??"]
[Round "2.15"]
[White "Colandrea, Sauveur"]
[Black "Bregier, Gerard"]
[Result "1-0"]
[WhiteElo "1764"]
[BlackElo "1480"]
[PlyCount "71"]
[EventDate "2014.??.??"]

1. e4 c5 2. Nf3 g6 3. d4 cxd4 4. Nxd4 Nc6 5. c4 Bg7 6. Be3 Nf6 7. Nc3 Ng4 8.
Qxg4 Nxd4 9. Qd1 Nc6 10. Qd2 d6 11. h4 h5 12. f3 Ne5 13. c5 Be6 14. cxd6 Qxd6
15. Qxd6 exd6 16. O-O-O Ke7 17. Nd5+ Bxd5 18. Rxd5 Rac8+ 19. Kb1 Nc4 20. Bg5+
Ke6 21. g3 f5 22. Bxc4 Rxc4 23. Rhd1 Rc6 24. exf5+ gxf5 25. Ra5 a6 26. Re1+ Kf7
27. Re7+ Kg6 28. Ra3 b5 29. Rae3 d5 30. R7e6+ Rxe6 31. Rxe6+ Kf7 32. Rxa6 Re8
33. Ra7+ Kg8 34. Re7 Rc8 35. Bf4 Bf6 36. Rb7 1-0

[Event "5ème open de Provence (A)"]
[Site "Salon de Provence"]
[Date "2014.??.??"]
[Round "3.1"]
[White "Kolb, Sebastien"]
[Black "Guidarelli, Laurent"]
[Result "1/2-1/2"]
[WhiteElo "2057"]
[BlackElo "2498"]
[PlyCount "78"]
[EventDate "2014.??.??"]

1. e4 e6 2. d4 d5 3. Nd2 Nf6 4. e5 Nfd7 5. f4 c5 6. c3 Nc6 7. Ndf3 Qb6 8. a3
Be7 9. Ne2 cxd4 10. cxd4 f6 11. Nc3 O-O 12. Be2 fxe5 13. Na4 Qd8 14. fxe5 a6
15. O-O b5 16. Nc3 Rb8 17. Bd3 b4 18. Ne2 Qb6 19. Kh1 Rxf3 20. gxf3 Kh8 21. Bb1
a5 22. axb4 Bxb4 23. Rg1 Ba6 24. Qc2 Nf8 25. Rg4 Rc8 26. Nc3 Qa7 27. Qg2 Qf7
28. Be3 Ne7 29. Bc2 Nf5 30. Bxf5 exf5 31. Rh4 Ng6 32. Rh3 f4 33. Bd2 Bd3 34.
Rxh7+ Kxh7 35. Qh3+ Nh4 36. Qxh4+ Kg8 37. Qxf4 Qxf4 38. Bxf4 Bxc3 39. bxc3 Rxc3
1/2-1/2

[Event "5ème open de Provence (A)"]
[Site "Salon de Provence"]
[Date "2014.??.??"]
[Round "3.2"]
[White "Milchev, Nikolay"]
[Black "Busson, Benoist"]
[Result "1-0"]
[WhiteElo "2424"]
[BlackElo "1977"]
[PlyCount "77"]
[EventDate "2014.??.??"]

1. Nf3 Nc6 2. d4 d5 3. c4 e5 4. dxe5 d4 5. a3 a5 6. Nbd2 Nh6 7. h3 Nf5 8. g4
Nh4 9. Nxh4 Qxh4 10. Nf3 Qd8 11. Bg5 f6 12. exf6 gxf6 13. Bf4 Bd6 14. Qd2 Be6
15. O-O-O Be5 16. e3 Qd6 17. Bxe5 Nxe5 18. Nxe5 Qxe5 19. Qxd4 Ke7 20. f4 Qxd4
21. exd4 h5 22. Be2 Rag8 23. Rde1 Kd6 24. f5 Bf7 25. Kd2 Re8 26. c5+ Kd7 27.
Bf3 hxg4 28. Rxe8 Rxe8 29. hxg4 c6 30. Rh7 Re7 31. g5 Bg8 32. Rxe7+ Kxe7 33. g6
Kf8 34. b4 axb4 35. axb4 Bc4 36. Kc3 Ba2 37. Be4 Ke7 38. b5 Kd7 39. Kb4 1-0

[Event "5ème open de Provence (A)"]
[Site "Salon de Provence"]
[Date "2014.??.??"]
[Round "3.3"]
[White "Chauvet, Vincent"]
[Black "Massardo, Quentin"]
[Result "1/2-1/2"]
[WhiteElo "2134"]
[BlackElo "1829"]
[PlyCount "43"]
[EventDate "2014.??.??"]

1. d4 Nf6 2. c4 c5 3. d5 e6 4. Nc3 exd5 5. cxd5 d6 6. e4 g6 7. Nge2 Bg7 8. Ng3
h5 9. Bg5 Qb6 10. Qd2 h4 11. Nge2 Nbd7 12. h3 Ne5 13. Ng1 Qb4 14. Bb5+ Bd7 15.
Bxd7+ Nfxd7 16. Nge2 Nc4 17. Qc2 Qxb2 18. Qxb2 Nxb2 19. Rb1 Nd3+ 20. Kd2 N3e5
21. Rxb7 Nc4+ 22. Kc2 1/2-1/2

[Event "5ème open de Provence (A)"]
[Site "Salon de Provence"]
[Date "2014.??.??"]
[Round "3.4"]
[White "Hernandez, Lara"]
[Black "Dudognon, Thibault"]
[Result "1/2-1/2"]
[WhiteElo "1732"]
[BlackElo "2066"]
[PlyCount "84"]
[EventDate "2014.??.??"]

1. d4 c6 2. c4 d5 3. Nf3 Nf6 4. Nc3 dxc4 5. a4 Bf5 6. e3 e6 7. Bxc4 Bb4 8. O-O
O-O 9. Nh4 Nbd7 10. f3 Qe7 11. e4 Bg6 12. Nxg6 hxg6 13. Bg5 e5 14. Kh1 exd4 15.
Qxd4 Ne5 16. Ba2 Bc5 17. Qd2 Rad8 18. Qe2 Qc7 19. Rad1 Rxd1 20. Rxd1 Nh7 21.
Be3 Bb4 22. f4 Nd7 23. Qg4 Ndf6 24. Qxg6 Kh8 25. Qf5 g6 26. Qh3 Rd8 27. Bd4
Qxf4 28. Qf3 Qxf3 29. gxf3 Bxc3 30. bxc3 Kg8 31. Rb1 b6 32. a5 bxa5 33. Rb7 Rd7
34. Rxa7 Rxa7 35. Bxa7 Ng5 36. Kg2 Ne6 37. Bb3 Nd7 38. Ba4 Ndc5 39. Bxc6 a4 40.
Bb5 a3 41. Bc4 Na4 42. Bb8 Nxc3 1/2-1/2